Państwa z literą R jako drugą literą - Statystyki

Ogólne statystyki
  • Ten quiz został rozwiązany 1 630 razy
    1 618 od ostatniego zresetowania
  • Średni wynik to 11 z 16
Statystyki odpowiedzi
Kraj % Poprawnych
Argentyna
84%
Armenia
84%
Francja
83%
Brazylia
81%
Grecja
80%
Gruzja
74%
Arabia Saudyjska
73%
Irak
70%
Iran
70%
Urugwaj
68%
Erytrea
61%
Irlandia
61%
Brunei
57%
Grenada
52%
Sri Lanka
46%
Trynidad i Tobago
40%
Nie znaleziono quizów pasujących do podanych kryteriów
Rozkład punktacji
Procent ludzi z każdym wynikiem
Percentyl według liczby udzielonych odpowiedzi
Twoja historia wyników
Nie rozwiązałeś tego quizu od ostatniego zresetowania